[Event "SWE-ch 2019"]
[Site "Eskilstuna"]
[Date "2019.07.11"]
[Round "6.1"]
[White "Lokander, Martin"]
[Black "Wiedenkeller, Michael"]
[Result "1/2-1/2"]
[WhiteElo "2397"]
[BlackElo "2461"]
[Annotator "ChessBase"]
[PlyCount "81"]
[EventDate "2019.07.06"]
[EventType "tourn"]
[EventCountry "SWE"]
[SourceTitle "playchess.com"]
[Source "ChessBase"]
[SourceQuality "1"]
[TimeControl "40/5400+30:1800+30"]

1. c4 {[%emt 0:00:00]} Nf6 {[%emt 0:00:00]} 2. Nc3 {[%emt 0:00:00]} e6 {[%emt 0:00:12]} 3. e4 {[%emt 0:00:04]} d5 {[%emt 0:00:12]} 4. cxd5 {[%emt 0:00:19]} exd5 {[%emt 0:00:08]} 5. e5 {[%emt 0:00:03]} Ne4 {[%emt 0:00:45]} 6. Nf3 {[%emt 0:00:14]} Bf5 {[%emt 0:05:07]} 7. d3 {[%emt 0:00:37]} Nxc3 8. bxc3 {[%emt 0:00:05]} c5 {[%emt 0:07:32]} 9. d4 {[%emt 0:00:33]} Nc6 {[%emt 0:04:06]} 10. Bd3 {[%emt 0:01:04]} Bxd3 {[%emt 0:01:08]} 11. Qxd3 {[%emt 0:00:06]} cxd4 {[%emt 0:00:29]} 12. Nxd4 {[%emt 0:04:37]} Nxd4 {[%emt 0:04:08]} 13. cxd4 {[%emt 0:00:08]} Bb4+ {[%emt 0:01:03]} 14. Ke2 {[%emt 0:01:07]} Qa5 {[%emt 0:08:38]} 15. a3 {[%emt 0:04:11]} Bc3 {[%emt 0:15:46]} 16. Rb1 {[%emt 0:02:11]} O-O {[%emt 0:01:25]} 17. Rb5 {[%emt 0:06:10]} Qa4 {[%emt 0:00:41]} 18. Rxd5 {[%emt 0:00:19]} Rac8 {[%emt 0:03:01]} 19. Be3 {[%emt 0:03:45]} Qxa3 {[%emt 0:02:01]} 20. Rc5 {[%emt 0:09:30]} Rxc5 {[%emt 0:06:26]} 21. dxc5 {[%emt 0:00:04]} Qa2+ {[%emt 0:02:28]} 22. Kf3 {[%emt 0:00:05]} Bxe5 {[%emt 0:00:43]} 23. Rb1 {[%emt 0:02:11]} b6 {[%emt 0:11:20]} 24. cxb6 {[%emt 0:00:16]} axb6 {[%emt 0:00:06]} 25. Rxb6 {[%emt 0:00:22]} g6 {[%emt 0:01:58]} 26. g3 {[%emt 0:01:03]} Qa8+ {[%emt 0:00:24]} 27. Qe4 {[%emt 0:00:13]} Qxe4+ {[%emt 0:00:06]} 28. Kxe4 {[%emt 0:00:04]} Re8 {[%emt 0:00:14]} 29. Kf3 {[%emt 0:00:11]} h5 {[%emt 0:00:12]} 30. Bf4 {[%emt 0:00:21]} Bxf4 {[%emt 0:00:16]} 31. Kxf4 {[%emt 0:00:04]} Re2 {[%emt 0:00:17]} 32. Kf3 {[%emt 0:00:04]} Re5 {[%emt 0:00:15]} 33. h4 {[%emt 0:00:04]} Kg7 {[%emt 0:00:07]} 34. Kg2 {[%emt 0:00:05]} Rf5 {[%emt 0:00:06]} 35. Ra6 {[%emt 0:00:04]} Re5 {[%emt 0:00:07]} 36. Rb6 {[%emt 0:00:03]} Rf5 {[%emt 0:00:07]} 37. Ra6 {[%emt 0:00:03]} Re5 {[%emt 0:00:03]} 38. Rb6 {[%emt 0:00:02]} Rf5 {[%emt 0:00:05]} 39. Ra6 {[%emt 0:00:03]} Re5 {[%emt 0:00:05]} 40. Rb6 {[%emt 0:00:02]} Rf5 {[%emt 0:00:09]} 41. Ra6 {[%emt 0:30:04]} 1/2-1/2

[Event "SWE-ch 2019"]
[Site "Eskilstuna"]
[Date "2019.07.11"]
[Round "6.2"]
[White "Hillarp Persson, Tiger"]
[Black "Sagit, Rauan"]
[Result "1-0"]
[WhiteElo "2562"]
[BlackElo "2429"]
[Annotator "TA"]
[PlyCount "109"]
[EventDate "2019.07.06"]
[EventType "tourn"]
[EventCountry "SWE"]
[SourceTitle "playchess.com"]
[Source "ChessBase"]
[SourceQuality "1"]

{[%evp 10,109,8,0,0,0,0,0,0,0,-9,-20,-18,-20,-19,-38,-33,-42,-33,-59,-64,-66,-11,-45,-14,-12,0,-3,0,-7,-10,-12,0,0,40,39,97,92,70,77,67,62,62,36,126,143,138,136,120,123,220,211,218,224,221,226,219,203,197,183,231,216,216,239,236,230,235,217,276,249,210,197,225,195,276,246,391,378,375,375,460,458,417,372,442,436,457,449,679,640,1215,1096,1159,984,29967,29968,29967,29969,29960,29962,5405,2286]} 1. c4 e6 2. Nf3 d5 3. g3 Nf6 4. Bg2 Be7 5. O-O O-O 6. Qc2 d4 {A14: English Opening: 1...e6 with b3 by White} 7. e3 (7. d3 Nc6 8. a3 a5 9. e3 e5 10. exd4 exd4 11. Re1 Re8 12. Bg5 h6 13. Bxf6 Bxf6 14. Rxe8+ Qxe8 {½-½ (26) Svidler,P (2760)-Kramnik,V (2800) Moscow 2018}) 7... c5 8. exd4 cxd4 {The position is equal.} 9. d3 Nc6 10. a3 a5 $1 11. Re1 Nd7 12. Nbd2 h6 $146 ({Predecessor:} 12... Kh8 13. Rb1 a4 14. b4 axb3 15. Nxb3 {1-0 (40) Hemant,S (2371)-Hillarp Persson,T (2513) Douglas 2016}) 13. Rb1 Re8 14. h4 e5 15. Ne4 Nc5 (15... Nf8 $15) 16. Bd2 Nxe4 17. Rxe4 Bf5 18. Ree1 Bf6 19. Nh2 Qd7 20. b4 axb4 21. axb4 Ra3 (21... e4 $5) 22. b5 Bxd3 (22... Nb8 $14) 23. bxc6 $16 bxc6 24. Qc1 Ra2 25. Rb3 e4 26. Ra3 Rc2 (26... Rxa3 $1 $14 27. Qxa3 Be7) 27. Qd1 {Strongly threatening Ng4.} Be7 28. Rxd3 exd3 29. Be4 Ba3 (29... Bd6 $16) 30. Bxd3 $18 Rxe1+ 31. Qxe1 ({Weaker is} 31. Bxe1 Rc1 $14) 31... Rb2 32. Nf3 Qe7 33. Nxd4 {Black must now prevent Be3.} Qxe1+ 34. Bxe1 Rb6 35. Be4 Bb4 36. Bxb4 Rxb4 {[#]} 37. Bd3 $1 ({But not} 37. Nxc6 $6 Rxc4 38. Bd5 Rc5 $16) 37... c5 38. Nf5 h5 39. Kg2 g6 40. Ne3 Rb6 41. Be4 Rd6 (41... Ra6 $142 42. Bb7 Rb6) 42. Bd5 Kf8 (42... Kg7 $142 43. Nd1 Ra6) 43. Nd1 Ke7 44. Nc3 Rd7 45. Ne4 Rc7 46. Kf3 f6 47. Kf4 Rc8 48. f3 Rc7 (48... Rb8 $142 49. Nxc5 Kd6) 49. g4 hxg4 50. fxg4 Rc8 51. g5 f5 52. Ng3 Kf8 53. h5 Kg7 54. hxg6 Kxg6 {[#]} 55. Be6 $1 {Accuracy: White = 77%, Black = 42%.} 1-0

[Event "SWE-ch 2019"]
[Site "Eskilstuna"]
[Date "2019.07.11"]
[Round "6.3"]
[White "Johansson, Linus"]
[Black "Kucuksari, Kaan"]
[Result "1-0"]
[WhiteElo "2480"]
[BlackElo "2310"]
[Annotator "ChessBase"]
[PlyCount "103"]
[EventDate "2019.07.06"]
[EventType "tourn"]
[EventCountry "SWE"]
[SourceTitle "playchess.com"]
[Source "ChessBase"]
[SourceQuality "1"]
[TimeControl "40/5400+30:1800+30"]

1. Nf3 {[%emt 0:00:00]} Nf6 {[%emt 0:00:00]} 2. g3 {[%emt 0:00:00]} d5 {[%emt 0:00:14]} 3. Bg2 {[%emt 0:00:00]} c6 {[%emt 0:00:20]} 4. O-O {[%emt 0:00:06]} Bf5 {[%emt 0:02:26]} 5. b3 {[%emt 0:01:16]} Nbd7 {[%emt 0:00:19]} 6. Bb2 {[%emt 0:00:07]} e6 {[%emt 0:01:36]} 7. d3 {[%emt 0:07:36]} Bd6 {[%emt 0:00:18]} 8. Nbd2 {[%emt 0:00:26]} Qe7 {[%emt 0:03:58]} 9. Qe1 {[%emt 0:01:30]} Bg4 {[%emt 0:01:55]} 10. e4 {[%emt 0:02:55]} Bxf3 {[%emt 0:01:30]} 11. Nxf3 {[%emt 0:01:07]} dxe4 {[%emt 0:01:20]} 12. dxe4 {[%emt 0:00:09]} e5 {[%emt 0:00:35]} 13. Nh4 {[%emt 0:09:46]} g6 {[%emt 0:00:20]} 14. Qd2 {[%emt 0:03:26]} Nc5 {[%emt 0:05:25]} 15. Rae1 {[%emt 0:07:34]} O-O-O {[%emt 0:03:00]} 16. Qc1 {[%emt 0:02:04]} Ne6 {[%emt 0:07:38]} 17. Kh1 {[%emt 0:03:52]} Nh5 {[%emt 0:13:14]} 18. Nf3 {[%emt 0:03:43]} f6 {[%emt 0:00:21]} 19. Nd2 {[%emt 0:00:14]} Bc5 {[%emt 0:01:48]} 20. c3 {[%emt 0:02:56]} Nhg7 {[%emt 0:12:03]} 21. b4 {[%emt 0:03:35]} Bd6 {[%emt 0:05:39]} 22. Nc4 {[%emt 0:02:47]} h5 {[%emt 0:00:01]} 23. Nxd6+ {[%emt 0:01:02]} Rxd6 {[%emt 0:00:02]} 24. Rd1 {[%emt 0:01:04]} h4 {[%emt 0:00:58]} 25. Rxd6 {[%emt 0:04:07]} Qxd6 {[%emt 0:00:02]} 26. Rd1 {[%emt 0:00:14]} Qc7 {[%emt 0:04:57]} 27. Kg1 {[%emt 0:00:21]} h3 {[%emt 0:15:11]} 28. Bf3 {[%emt 0:01:53]} Kb8 {[%emt 0:08:07]} 29. Rd3 {[%emt 0:06:20]} Ng5 {[%emt 0:04:11]} 30. Bh1 {[%emt 0:01:04]} N7e6 {[%emt 0:01:32]} 31. Qd1 {[%emt 0:00:16]} c5 {[%emt 0:04:38]} 32. a3 {[%emt 0:00:11]} a5 {[%emt 0:00:32]} 33. b5 {[%emt 0:13:51]} c4 {[%emt 0:00:15]} 34. Rd7 {[%emt 0:01:38]} Rd8 {[%emt 0:00:19]} 35. Rxd8+ {[%emt 0:02:33]} Qxd8 {[%emt 0:00:01]} 36. Qxd8+ {[%emt 0:03:02]} Nxd8 {[%emt 0:00:01]} 37. f4 {[%emt 0:02:34]} Ngf7 {[%emt 0:01:56]} 38. f5 {[%emt 0:05:05]} gxf5 {[%emt 0:01:44]} 39. exf5 {[%emt 0:00:07]} Nd6 {[%emt 0:00:15]} 40. Bd5 {[%emt 0:00:45]} Nxb5 {[%emt 0:00:44]} 41. Bxc4 {[%emt 0:30:31]} Nd6 {[%emt 0:30:19]} 42. Bf1 {[%emt 0:01:21]} Nxf5 {[%emt 0:00:00]} 43. Bxh3 {[%emt 0:00:00]} Nh6 {[%emt 0:00:00]} 44. a4 {[%emt 0:00:00]} b6 {[%emt 0:00:00]} 45. Ba3 {[%emt 0:00:00]} Nb7 {[%emt 0:00:00]} 46. Bf8 {[%emt 0:00:00]} Nf7 {[%emt 0:00:00]} 47. Be6 {[%emt 0:00:00]} Ng5 {[%emt 0:00:00]} 48. Bd5 {[%emt 0:00:00]} Kc7 {[%emt 0:00:00]} 49. h4 {[%emt 0:00:00]} Nh7 {[%emt 0:00:00]} 50. Bg7 {[%emt 0:00:00]} Nd6 {[%emt 0:00:00]} 51. g4 {[%emt 0:00:00]} f5 {[%emt 0:00:00]} 52. g5 {[%emt 0:00:00]} 1-0

[Event "SWE-ch 2019"]
[Site "Eskilstuna"]
[Date "2019.07.11"]
[Round "6.4"]
[White "Hector, Jonny"]
[Black "Smith, Axel"]
[Result "1/2-1/2"]
[WhiteElo "2487"]
[BlackElo "2469"]
[Annotator "ChessBase"]
[PlyCount "128"]
[EventDate "2019.07.06"]
[EventType "tourn"]
[EventCountry "SWE"]
[SourceTitle "playchess.com"]
[Source "ChessBase"]
[SourceQuality "1"]
[TimeControl "40/5400+30:1800+30"]

1. e4 {[%emt 0:00:00]} e6 {[%emt 0:00:00]} 2. d4 {[%emt 0:00:07]} d5 {[%emt 0:00:00]} 3. e5 {[%emt 0:00:15]} c5 {[%emt 0:00:00]} 4. c3 {[%emt 0:00:10]} Nc6 {[%emt 0:00:00]} 5. Nf3 {[%emt 0:00:22]} Nge7 {[%emt 0:00:00]} 6. a3 {[%emt 0:05:27]} cxd4 {[%emt 0:05:29]} 7. cxd4 {[%emt 0:00:26]} Nf5 {[%emt 0:00:18]} 8. Nc3 {[%emt 0:06:14]} Be7 {[%emt 0:02:08]} 9. b4 {[%emt 0:06:59]} Bd7 {[%emt 0:04:47]} 10. Bd3 {[%emt 0:07:09]} a5 {[%emt 0:35:13]} 11. Bxf5 {[%emt 0:10:00]} axb4 {[%emt 0:01:18]} 12. Nxd5 {[%emt 0:10:39]} exd5 {[%emt 0:00:10]} 13. Bxd7+ {[%emt 0:04:10]} Qxd7 {[%emt 0:00:01]} 14. a4 {[%emt 0:00:38]} O-O {[%emt 0:05:15]} 15. Be3 {[%emt 0:05:43]} Ra6 {[%emt 0:01:17]} 16. Nd2 {[%emt 0:03:51]} Rfa8 {[%emt 0:06:59]} 17. O-O {[%emt 0:01:08]} b5 {[%emt 0:01:49]} 18. a5 {[%emt 0:00:07]} Nxa5 {[%emt 0:01:01]} 19. Nb3 {[%emt 0:02:39]} Nc4 {[%emt 0:05:31]} 20. Rb1 {[%emt 0:04:07]} Qf5 {[%emt 0:02:30]} 21. Nc5 {[%emt 0:03:29]} Bxc5 {[%emt 0:12:38]} 22. dxc5 {[%emt 0:00:35]} Nxe3 {[%emt 0:02:14]} 23. fxe3 {[%emt 0:00:07]} Qxe5 {[%emt 0:00:02]} 24. Qd4 {[%emt 0:00:27]} Qg5 {[%emt 0:01:21]} 25. h4 {[%emt 0:03:01]} Qe7 {[%emt 0:00:25]} 26. Rxb4 {[%emt 0:02:00]} Ra4 {[%emt 0:01:36]} 27. Rfb1 {[%emt 0:01:10]} Rc8 {[%emt 0:04:42]} 28. Qxd5 {[%emt 0:07:26]} Qxe3+ {[%emt 0:00:37]} 29. Kh2 {[%emt 0:00:12]} h6 {[%emt 0:02:19]} 30. c6 {[%emt 0:01:17]} Qe8 {[%emt 0:01:42]} 31. Qxb5 {[%emt 0:03:31]} Rxb4 {[%emt 0:00:02]} 32. Rxb4 {[%emt 0:00:12]} Rxc6 {[%emt 0:01:08]} 33. Rc4 {[%emt 0:00:39]} Rc8 {[%emt 0:00:26]} 34. Qxe8+ {[%emt 0:00:26]} Rxe8 {[%emt 0:00:02]} 35. Kg3 {[%emt 0:01:30]} Re5 {[%emt 0:00:16]} 36. Kf4 {[%emt 0:00:43]} Rd5 {[%emt 0:00:59]} 37. g3 {[%emt 0:02:06]} Kh7 {[%emt 0:00:34]} 38. Rc6 {[%emt 0:01:43]} Ra5 {[%emt 0:01:13]} 39. Kg4 {[%emt 0:00:57]} g6 {[%emt 0:00:46]} 40. Kf3 {[%emt 0:00:44]} Kg7 {[%emt 0:00:08]} 41. Kf2 {[%emt 0:30:36]} Ra3 {[%emt 0:30:42]} 42. Kg2 {[%emt 0:00:26]} Re3 {[%emt 0:00:13]} 43. Ra6 {[%emt 0:00:26]} Re6 {[%emt 0:01:43]} 44. Ra3 {[%emt 0:00:28]} Kf6 {[%emt 0:00:06]} 45. Rf3+ {[%emt 0:00:27]} Ke7 {[%emt 0:00:02]} 46. Ra3 {[%emt 0:00:13]} Re4 {[%emt 0:00:27]} 47. Ra6 {[%emt 0:00:59]} Rd4 {[%emt 0:00:09]} 48. Rb6 {[%emt 0:01:26]} Rd6 {[%emt 0:00:03]} 49. Rb3 {[%emt 0:00:27]} Ke6 {[%emt 0:00:03]} 50. Re3+ {[%emt 0:00:17]} Kf6 {[%emt 0:00:29]} 51. Rf3+ {[%emt 0:01:32]} Kg7 {[%emt 0:00:01]} 52. Ra3 {[%emt 0:00:27]} Rd4 {[%emt 0:00:03]} 53. Ra6 {[%emt 0:00:20]} Rd3 {[%emt 0:03:30]} 54. Kf2 {[%emt 0:00:13]} f5 {[%emt 0:01:49]} 55. Ra7+ {[%emt 0:02:30]} Kf6 {[%emt 0:00:04]} 56. Ra6+ {[%emt 0:00:06]} Kf7 {[%emt 0:00:04]} 57. h5 {[%emt 0:00:22]} gxh5 {[%emt 0:01:29]} 58. Rxh6 {[%emt 0:00:16]} Rd2+ {[%emt 0:00:12]} 59. Kg1 {[%emt 0:00:23]} f4 {[%emt 0:00:51]} 60. gxf4 {[%emt 0:00:38]} Rd4 {[%emt 0:00:03]} 61. Rxh5 {[%emt 0:00:55]} Rxf4 {[%emt 0:00:05]} 62. Rh2 {[%emt 0:00:11]} Kf6 {[%emt 0:00:10]} 63. Rf2 {[%emt 0:00:06]} Kf5 {[%emt 0:00:05]} 64. Rxf4+ {[%emt 0:00:05]} Kxf4 {[%emt 0:00:04]} 1/2-1/2

[Event "SWE-ch 2019"]
[Site "Eskilstuna"]
[Date "2019.07.11"]
[Round "6.5"]
[White "Blomqvist, Erik"]
[Black "Cramling, Pia"]
[Result "1/2-1/2"]
[WhiteElo "2492"]
[BlackElo "2479"]
[Annotator "TA"]
[PlyCount "95"]
[EventDate "2019.07.06"]
[EventType "tourn"]
[EventCountry "SWE"]
[SourceTitle "playchess.com"]
[Source "ChessBase"]
[SourceQuality "1"]

{[%evp 9,95,8,4,3,21,6,0,2,8,16,16,-2,-4,11,0,-1,0,-16,-14,-24,-33,-38,-35,-43,0,0,12,5,17,18,18,0,26,7,68,39,69,27,85,10,16,9,12,0,0,0,0,0,8,9,27,22,38,14,50,49,58,50,60,24,84,83,86,85,72,18,116,110,125,122,138,138,135,138,138,133,138,124,128,0,124,124,125,0,125,110,109,0]} 1. e4 c5 2. Nf3 e6 3. g3 Nc6 4. Bg2 Nf6 5. Qe2 (5. d3 d5 6. Nbd2 Be7 7. O-O O-O 8. Re1 b5 9. a4 b4 10. e5 Nd7 11. Nf1 b3 12. c4 dxc4 13. dxc4 Rb8 14. Bd2 Qc7 15. Bc3 Rd8 16. N1d2 Bb7 17. Qe2 Ba8 {1-0 (57) Malakhov,V (2654)-Salgado Lopez,I (2624) Germany 2019}) 5... e5 6. O-O {B40: Sicilian: 2...e6, Unusual lines} Be7 7. d3 O-O 8. Na3 {The position is equal.} d6 9. Nc4 Re8 10. Bg5 Ng4 $146 ({Predecessor:} 10... h6 11. Bxf6 Bxf6 12. Ne3 g6 {0-1 (37) Nechio,D (1906)-Kavutskiy,K (2373) Calgary 2016}) 11. Bxe7 Qxe7 12. c3 b5 13. Ne3 (13. Na3 {feels hotter.} Rb8 14. Nh4 Qd8 15. Nc2 Nf6 16. Ne3) 13... Nxe3 14. fxe3 (14. Qxe3 {with more complications.} Be6 15. Rfc1 Bg4 16. Nd2 f6 17. f4) 14... Bg4 15. Rf2 Rab8 16. Qd2 Bxf3 17. Bxf3 Rf8 18. Bd1 Qe6 19. b4 a5 {[%cal Ra5b4]} 20. a3 Rfd8 21. Qb2 c4 (21... a4 $11) 22. dxc4 $14 Qxc4 23. Qb3 Ne7 (23... Qd3 $11) 24. a4 (24. Qxc4 $16 bxc4 25. Be2 (25. bxa5 Nc6 $14)) 24... axb4 $1 $11 25. axb5 d5 $1 26. exd5 Qxc3 27. Qxc3 bxc3 28. Ra7 Nc8 $132 {[%mdl 2048] Black is not holding back} 29. Raxf7 Nd6 30. Rc7 Rxb5 31. Bg4 h6 32. Rc2 Kh8 33. Be6 Ne4 34. Kg2 Rdb8 {[#]} (34... Rb4 $11 {remains equal.}) 35. Bf5 $1 $16 {[%cal Rf5e4]} Nd6 {[#]} 36. Bg6 $1 Rxd5 37. R2xc3 (37. R7xc3 $16 e4 38. h4) 37... e4 (37... Rd2+ $11 {keeps the balance.} 38. Kh3 Rf2) 38. h4 Rd8 39. Re7 Nb5 40. Rc4 Nd6 41. Rcc7 Rg8 42. Kh3 Rd3 43. Red7 Rd2 44. Re7 (44. Kg4 $16) 44... Rd1 (44... Rd3 $1 $11) 45. Kg4 Rd5 46. Kh3 Rd1 47. Re6 {Strongly threatening Rd7.} Rd8 48. Ree7 {Accuracy: White = 43%, Black = 45%.} (48. Rc3 $16) 1/2-1/2

[Event "SWE-ch 2019"]
[Site "Eskilstuna"]
[Date "2019.07.12"]
[Round "7.1"]
[White "Wiedenkeller, Michael"]
[Black "Hillarp Persson, Tiger"]
[Result "1/2-1/2"]
[WhiteElo "2461"]
[BlackElo "2562"]
[Annotator "ChessBase"]
[PlyCount "119"]
[EventDate "2019.07.06"]
[EventType "tourn"]
[EventCountry "SWE"]
[SourceTitle "playchess.com"]
[Source "ChessBase"]
[SourceQuality "1"]
[TimeControl "40/5400+30:1800+30"]

1. d4 {[%emt 0:00:00]} e6 {[%emt 0:00:00]} 2. c4 {[%emt 0:00:12]} c5 {[%emt 0:00:00]} 3. d5 {[%emt 0:00:18]} exd5 {[%emt 0:00:00]} 4. cxd5 {[%emt 0:00:07]} d6 {[%emt 0:00:03]} 5. Nc3 {[%emt 0:00:37]} g6 {[%emt 0:00:07]} 6. Nf3 {[%emt 0:00:51]} a6 {[%emt 0:02:09]} 7. a4 {[%emt 0:00:53]} Bg7 {[%emt 0:00:34]} 8. Bf4 {[%emt 0:00:53]} Nf6 {[%emt 0:00:24]} 9. h3 {[%emt 0:00:17]} O-O {[%emt 0:02:53]} 10. e3 {[%emt 0:00:13]} Qe7 {[%emt 0:15:31]} 11. Be2 {[%emt 0:03:22]} Nbd7 {[%emt 0:00:20]} 12. O-O {[%emt 0:01:30]} Rb8 {[%emt 0:01:36]} 13. a5 {[%emt 0:09:29]} Ne8 {[%emt 0:05:48]} 14. Na4 {[%emt 0:05:47]} Nc7 {[%emt 0:05:30]} 15. Rc1 {[%emt 0:08:58]} b5 {[%emt 0:12:38]} 16. axb6 {[%emt 0:17:27]} Nxb6 {[%emt 0:00:28]} 17. Nxc5 {[%emt 0:01:01]} Nbxd5 {[%emt 0:02:28]} 18. Nd3 {[%emt 0:08:10]} Nxf4 {[%emt 0:00:43]} 19. exf4 {[%emt 0:06:12]} Bf5 {[%emt 0:03:49]} 20. Re1 {[%emt 0:02:58]} Ne6 {[%emt 0:03:52]} 21. Rc6 {[%emt 0:04:39]} a5 {[%emt 0:06:58]} 22. Qd2 {[%emt 0:06:08]} Qd8 {[%emt 0:19:45]} 23. Bd1 {[%emt 0:09:42]} Bxd3 {[%emt 0:02:40]} 24. Qxd3 {[%emt 0:00:02]} Nxf4 {[%emt 0:00:12]} 25. Qd2 {[%emt 0:01:33]} Be5 {[%emt 0:01:28]} 26. b3 {[%emt 0:02:25]} Rb5 {[%emt 0:04:09]} 27. Qc2 {[%emt 0:02:57]} Qb8 {[%emt 0:01:16]} 28. g3 {[%emt 0:01:15]} Ne6 {[%emt 0:01:08]} 29. Re3 {[%emt 0:00:27]} Nd4 {[%emt 0:02:22]} 30. Nxd4 {[%emt 0:00:36]} Bxd4 {[%emt 0:00:12]} 31. Rd3 {[%emt 0:01:38]} Bc5 {[%emt 0:00:39]} 32. Qc4 {[%emt 0:01:56]} Rb4 {[%emt 0:02:09]} 33. Qd5 {[%emt 0:00:25]} Qe8 {[%emt 0:00:39]} 34. Kf1 {[%emt 0:00:57]} Re4 {[%emt 0:01:29]} 35. Rc7 {[%emt 0:01:39]} Re5 {[%emt 0:00:50]} 36. Qc6 {[%emt 0:00:42]} Qe6 {[%emt 0:01:27]} 37. Kg2 {[%emt 0:00:29]} Rf5 {[%emt 0:00:37]} 38. Rf3 {[%emt 0:00:53]} Rd5 {[%emt 0:01:04]} 39. Re7 {[%emt 0:01:16]} Qxe7 {[%emt 0:00:08]} 40. Qxd5 {[%emt 0:00:02]} Kg7 {[%emt 0:00:44]} 41. Bc2 {[%emt 0:04:45]} f5 {[%emt 0:01:41]} 42. Bd3 {[%emt 0:00:26]} Qf7 {[%emt 0:04:42]} 43. Qxf7+ {[%emt 0:03:03]} Rxf7 {[%emt 0:00:09]} 44. g4 {[%emt 0:01:41]} f4 {[%emt 0:00:22]} 45. Bc4 {[%emt 0:00:35]} Rf8 {[%emt 0:00:18]} 46. h4 {[%emt 0:02:08]} h6 {[%emt 0:00:56]} 47. Rd3 {[%emt 0:00:34]} Rb8 {[%emt 0:06:21]} 48. Rd2 {[%emt 0:01:40]} Re8 {[%emt 0:04:30]} 49. Re2 {[%emt 0:00:48]} Rxe2 {[%emt 0:00:27]} 50. Bxe2 {[%emt 0:00:02]} Kf6 {[%emt 0:00:10]} 51. Bd3 {[%emt 0:02:57]} g5 {[%emt 0:00:26]} 52. hxg5+ {[%emt 0:00:11]} hxg5 {[%emt 0:00:24]} 53. Kf3 {[%emt 0:02:29]} Ke5 {[%emt 0:00:07]} 54. Bh7 {[%emt 0:00:37]} Kd4 {[%emt 0:04:42]} 55. Ke2 {[%emt 0:01:48]} d5 {[%emt 0:01:10]} 56. Bg8 {[%emt 0:00:15]} Bb4 {[%emt 0:00:23]} 57. f3 {[%emt 0:00:20]} Bc3 {[%emt 0:00:13]} 58. Bf7 {[%emt 0:00:08]} Bb4 {[%emt 0:00:06]} 59. Bg8 {[%emt 0:00:05]} Bc3 {[%emt 0:00:05]} 60. Bf7 {[%emt 0:00:12]} 1/2-1/2

[Event "SWE-ch 2019"]
[Site "Eskilstuna"]
[Date "2019.07.12"]
[Round "7.2"]
[White "Kucuksari, Kaan"]
[Black "Blomqvist, Erik"]
[Result "1/2-1/2"]
[WhiteElo "2310"]
[BlackElo "2492"]
[Annotator "ChessBase"]
[PlyCount "81"]
[EventDate "2019.07.06"]
[EventType "tourn"]
[EventCountry "SWE"]
[SourceTitle "playchess.com"]
[Source "ChessBase"]
[SourceQuality "1"]
[TimeControl "40/5400+30:1800+30"]

1. d4 {[%emt 0:00:00]} Nf6 {[%emt 0:01:21]} 2. Nf3 {[%emt 0:00:00]} d5 {[%emt 0:00:17]} 3. e3 {[%emt 0:00:00]} c5 {[%emt 0:00:24]} 4. b3 {[%emt 0:00:02]} cxd4 {[%emt 0:03:06]} 5. exd4 {[%emt 0:00:04]} Bg4 {[%emt 0:01:03]} 6. h3 {[%emt 0:01:08]} Bxf3 {[%emt 0:01:12]} 7. Qxf3 {[%emt 0:00:03]} Nc6 {[%emt 0:00:10]} 8. c3 {[%emt 0:04:38]} e6 {[%emt 0:00:09]} 9. Bd3 {[%emt 0:00:50]} Be7 {[%emt 0:02:09]} 10. O-O {[%emt 0:00:33]} O-O {[%emt 0:00:34]} 11. Bf4 {[%emt 0:00:49]} Ne8 {[%emt 0:16:18]} 12. Nd2 {[%emt 0:00:43]} Bd6 {[%emt 0:05:32]} 13. Rfe1 {[%emt 0:02:59]} Bxf4 {[%emt 0:06:54]} 14. Qxf4 {[%emt 0:00:02]} Qf6 {[%emt 0:00:59]} 15. Qg3 {[%emt 0:04:02]} Rc8 {[%emt 0:03:07]} 16. Nf3 {[%emt 0:03:43]} g6 {[%emt 0:00:56]} 17. Bb5 {[%emt 0:05:25]} a6 {[%emt 0:09:36]} 18. Bxc6 {[%emt 0:00:20]} Rxc6 {[%emt 0:00:06]} 19. Ne5 {[%emt 0:05:14]} Rc7 {[%emt 0:00:29]} 20. c4 {[%emt 0:02:36]} dxc4 {[%emt 0:11:39]} 21. bxc4 {[%emt 0:00:20]} Qd8 {[%emt 0:00:04]} 22. c5 {[%emt 0:13:43]} Qxd4 {[%emt 0:09:32]} 23. Rad1 {[%emt 0:07:15]} Qb4 {[%emt 0:01:14]} 24. Re2 {[%emt 0:09:41]} f6 {[%emt 0:07:23]} 25. Nd7 {[%emt 0:02:06]} Qa4 {[%emt 0:02:56]} 26. Qb3 {[%emt 0:07:28]} Qxb3 {[%emt 0:00:12]} 27. axb3 {[%emt 0:00:01]} Rf7 {[%emt 0:00:14]} 28. Rxe6 {[%emt 0:00:37]} Rfxd7 {[%emt 0:00:03]} 29. Rxe8+ {[%emt 0:00:22]} Kf7 {[%emt 0:00:05]} 30. Rxd7+ {[%emt 0:05:30]} Rxd7 {[%emt 0:00:03]} 31. Rc8 {[%emt 0:00:21]} Ke6 {[%emt 0:03:01]} 32. c6 {[%emt 0:00:11]} Rd1+ {[%emt 0:00:46]} 33. Kh2 {[%emt 0:00:01]} bxc6 {[%emt 0:00:05]} 34. Rxc6+ {[%emt 0:00:07]} Rd6 {[%emt 0:00:04]} 35. Rc5 {[%emt 0:15:00]} Rb6 {[%emt 0:00:51]} 36. h4 {[%emt 0:01:38]} Kd6 {[%emt 0:00:37]} 37. Ra5 {[%emt 0:00:03]} Kc6 {[%emt 0:00:54]} 38. b4 {[%emt 0:01:11]} h5 {[%emt 0:06:44]} 39. g3 {[%emt 0:02:19]} Kd6 {[%emt 0:03:45]} 40. Kg2 {[%emt 0:00:11]} Rxb4 {[%emt 0:00:24]} 41. Rxa6+ {[%emt 0:30:07]} 1/2-1/2